Famous Faces of American Christianity - Statistics

General Stats
  • This quiz has been taken 39 times
  • The average score is 3 of 12
Answer Stats
Picture Hint Answer % Correct
Baptist; Civil Rights Movement Martin Luther King, Jr.
100%
Southern Baptist; Evangelism Crusades Billy Graham
68%
Mormon; Second LDS President Brigham Young
52%
Baptist; Rainbow Coalition Jesse Jackson
29%
Non-denominational; Prosperity Gospel Joel Olsteen
19%
Methodist; Abolitionist Sojourner Truth
16%
Puritan; "Sinners in the Hands of an Angry God" Jonathan Edwards
10%
Methodist; Namesake of KY Seminary Francis Asbury
6%
Pentecostal; Azusa Street William Seymour
6%
Foursquare (Pentecostal); Angelus Temple Aimee Semple McPherson
3%
Presbyterian; evangelist Billy Sunday
3%
Presbyterian; Second Great Awakening Charles Finney
3%
No matching quizzes found
Score Distribution
Percent of People with Each Score
Percentile by Number Answered
Your Score History
You have not taken this quiz